| 000 | 009070000a22002530004500 | ||
|---|---|---|---|
| 003 | LK-CoMWRAF | ||
| 008 | 230817t2002 ||||| |||| 00| 0 eng d | ||
| 020 | _a0971141215 | ||
| 040 |
_aLK-CoMWRAF _dLK-CoMWRAF _eLK-CoMWRAF |
||
| 041 | _aeng | ||
| 082 |
_a305.42 _bRAC |
||
| 111 |
_aWORLD CONFERENCE AGAINST RACISM, RACIAL DISCRIMINATION, XENOPHOBIA AND RELATED INTOLERANCE _c(Durban, South Africa, _d2001) |
||
| 245 |
_aWomen At The Intersection: _bindivisible rights, identities, and oppressions |
||
| 260 |
_aNew Jersey: _bCenter for Women's Global Leadership, _c2002 |
||
| 300 |
_aix, 141p. ; 24 cm. _bGlossary included |
||
| 650 | _aWOMEN'S RIGHTS-Congresses | ||
| 650 | W | _aSex discrimination against women | |
| 650 | W | _aSexual harassment of women | |
| 650 | W | _aWomen--Crimes against | |
| 700 |
_aRaj, Rita _eed. |
||
| 700 |
_aBunch, Charlotte _eed. |
||
| 700 |
_aNazombe, Elmira _eed. |
||
| 942 | _cCP | ||
| 999 |
_c421 _d421 |
||